000 00594cam a22002053a 4500
001 44864
003 PGUSA
005 20140828084026.0
008 140210s2014||||xxu|||||s|||||000 | eng d
040 _aPGUSA
_beng
042 _adc
100 1 _aCuming, E. D.
_q(Edward William Dirom),
_d1862-1941
245 1 0 _aCoaching Days and Ways
_h[electronic resource] /
_cE. D. Cuming
260 _bProject Gutenberg,
_c2014
506 _aPublic domain in the USA.
516 _aElectronic text
830 0 _aProject Gutenberg
_v44864
856 4 0 _uhttp://www.gutenberg.org/ebooks/44864
942 _cEB
999 _c274115
_d274115